<?xml version='1.0' encoding='UTF-8'?>
  <record xmlns="http://www.loc.gov/MARC21/slim">
    <leader>00000cem a2200000 i 4500</leader>
    <controlfield tag="001">ocm71395848</controlfield>
    <controlfield tag="003">OCoLC</controlfield>
    <controlfield tag="005">20240725205221.0</controlfield>
    <controlfield tag="007">aj aauun</controlfield>
    <controlfield tag="008">840831s1846    ne ek  zz a  f  0   dut d</controlfield>
    <datafield tag="040" ind1=" " ind2=" ">
      <subfield code="a">NLGGC</subfield>
      <subfield code="b">dut</subfield>
      <subfield code="e">fobidrtb</subfield>
      <subfield code="c">NLGGC</subfield>
      <subfield code="d">QGJ</subfield>
      <subfield code="d">OCLCO</subfield>
      <subfield code="d">OCLCL</subfield>
      <subfield code="d">OCLCQ</subfield>
    </datafield>
    <datafield tag="029" ind1="0" ind2=" ">
      <subfield code="a">NLGGC</subfield>
      <subfield code="b">842922598</subfield>
    </datafield>
    <datafield tag="034" ind1="1" ind2=" ">
      <subfield code="a">a</subfield>
      <subfield code="b">50000</subfield>
    </datafield>
    <datafield tag="035" ind1=" " ind2=" ">
      <subfield code="a">(OCoLC)71395848</subfield>
    </datafield>
    <datafield tag="041" ind1="0" ind2=" ">
      <subfield code="a">dut</subfield>
      <subfield code="a">dut</subfield>
    </datafield>
    <datafield tag="045" ind1="0" ind2=" ">
      <subfield code="b">d1846</subfield>
    </datafield>
    <datafield tag="084" ind1=" " ind2=" ">
      <subfield code="a">74.20</subfield>
      <subfield code="2">bcl</subfield>
    </datafield>
    <datafield tag="100" ind1="1" ind2=" ">
      <subfield code="a">Rhijn, A. van,</subfield>
      <subfield code="c">kaarten.</subfield>
      <subfield code="4">adp</subfield>
      <subfield code="1">https://id.oclc.org/worldcat/entity/E39PCjBXKFvCyXcKtJMffyYmwK</subfield>
    </datafield>
    <datafield tag="245" ind1="1" ind2="0">
      <subfield code="a">Hydrographische kaart van de Zuiderzee :</subfield>
      <subfield code="b">noordelijk gedeelte /</subfield>
      <subfield code="c">trigonometriesch opgenomen en in kaart gebracht door A. van Rhijn ; geassisteerd door A.R. Blommendal ; gegraveerd door van Baarsel &amp; Tuyn.</subfield>
    </datafield>
    <datafield tag="255" ind1=" " ind2=" ">
      <subfield code="a">Schaal 1:50.000</subfield>
      <subfield code="c">(O 4°53'--O 6°05'/N 53°06'--N 52°40').</subfield>
    </datafield>
    <datafield tag="260" ind1=" " ind2=" ">
      <subfield code="a">[Den Haag] :</subfield>
      <subfield code="b">Ministerie en de Directien van Marine,</subfield>
      <subfield code="c">1846</subfield>
      <subfield code="e">([Den Haag] :</subfield>
      <subfield code="f">de Wed. A. Koning en J.F. Brugman)</subfield>
    </datafield>
    <datafield tag="300" ind1=" " ind2=" ">
      <subfield code="a">1 kaart in 2 bladen. ;</subfield>
      <subfield code="c">100 x 163 cm.</subfield>
    </datafield>
    <datafield tag="336" ind1=" " ind2=" ">
      <subfield code="a">cartografische afbeelding</subfield>
      <subfield code="b">cri</subfield>
      <subfield code="2">rdacontent/dut</subfield>
    </datafield>
    <datafield tag="337" ind1=" " ind2=" ">
      <subfield code="a">zonder medium</subfield>
      <subfield code="b">n</subfield>
      <subfield code="2">rdamedia/dut</subfield>
    </datafield>
    <datafield tag="338" ind1=" " ind2=" ">
      <subfield code="a">vel</subfield>
      <subfield code="b">nb</subfield>
      <subfield code="2">rdacarrier/dut</subfield>
    </datafield>
    <datafield tag="500" ind1=" " ind2=" ">
      <subfield code="a">Bijbehorende beschrijving ontbreekt.</subfield>
    </datafield>
    <datafield tag="500" ind1=" " ind2=" ">
      <subfield code="a">Bevat vergelijkingstafel tusschen Nederlandsche palmen en Amsterdamsche, Engelsche en Noordsche en Deensche voeten.</subfield>
    </datafield>
    <datafield tag="500" ind1=" " ind2=" ">
      <subfield code="a">Vervaardigd op last van ... J.C. Rijk, vice-admiraal, minister van Marine.</subfield>
    </datafield>
    <datafield tag="500" ind1=" " ind2=" ">
      <subfield code="a">Nul-meridianen van Amsterdam en Greenwich.</subfield>
    </datafield>
    <datafield tag="500" ind1=" " ind2=" ">
      <subfield code="a">Bevat tabelletjes met coördinaten van een aantal plaatsen.</subfield>
    </datafield>
    <datafield tag="500" ind1=" " ind2=" ">
      <subfield code="a">Kopergravure.</subfield>
    </datafield>
    <datafield tag="507" ind1=" " ind2=" ">
      <subfield code="a">Bevat schaalstok in ellen.</subfield>
    </datafield>
    <datafield tag="580" ind1=" " ind2=" ">
      <subfield code="a">[Gedeelte van de Waddenzee]. Schaal 1:50.000.</subfield>
    </datafield>
    <datafield tag="650" ind1=" " ind2="7">
      <subfield code="a">Diepte.</subfield>
      <subfield code="0">(NL-LeOCL)198479255.</subfield>
      <subfield code="2">gtt</subfield>
    </datafield>
    <datafield tag="651" ind1=" " ind2="7">
      <subfield code="a">Zuiderzee.</subfield>
      <subfield code="0">(NL-LeOCL)078969867.</subfield>
      <subfield code="2">gtt</subfield>
    </datafield>
    <datafield tag="655" ind1=" " ind2="7">
      <subfield code="a">Kaarten (vorm)</subfield>
      <subfield code="0">(NL-LeOCL)088143554.</subfield>
      <subfield code="2">gtt</subfield>
    </datafield>
    <datafield tag="700" ind1="1" ind2=" ">
      <subfield code="a">Blommendal, A.R.</subfield>
      <subfield code="q">(Antonie Rudolph),</subfield>
      <subfield code="d">1818-1875.</subfield>
      <subfield code="4">adp</subfield>
      <subfield code="1">https://id.oclc.org/worldcat/entity/E39PCjJf8QFxMchmJv9TKrJx6q</subfield>
    </datafield>
    <datafield tag="710" ind1="2" ind2=" ">
      <subfield code="a">Van Baarsel &amp; Tuyn (Amsterdam)</subfield>
      <subfield code="0">(NL-LeOCL)075346370</subfield>
    </datafield>
    <datafield tag="936" ind1=" " ind2=" ">
      <subfield code="a">BATCHLOAD</subfield>
    </datafield>
  </record>